02035nam a22002417a 450000500170000000800410001702000180005804000070007604100120008308200200009510000120011524500910012726000310021830000280024936500530027752013180033065000280164865000170167665000220169365000320171565000330174770000130178020240118112424.0240118b ||||| |||| 00| 0 eng d a9789358892338 cAL aEnglish 223a351.3bARIU aArihant aUPSC 2024: IAS Prelims Twenty Nine Years Chapterwise Topicwise Solved Papers 1995-2023 aNew Delhi bArihant c2024 a833 p.bPBc27x21.5 cm. a7159b₹556.00c₹d₹695.00e20%f10-01-2024 aUPSC (IAS) Solved Papers 2023 Entire syllabus covered in 2 Parts Mains Exam PYQs. BOOK FEATURES Provides Previous Years’ Papers from 1995-2023 Structured in a Chapterwise-Topicwise manner Proper reference of the previous years’ Detailed explanation with updated facts in each question 5 Years’ Trend analysis and Preparation strategy Topicwise MAINS questions (Essay & GS I, II, III, IV) for practice More than 3500 revision bullets for last-minute revision UPSC (IAS) 2023 Solved Papers to analyze the exam trend. WHY THIS BOOK? 15TH Revised edition of “UPSC 2024 IAS PRELIMS 29 YEARS’ CHAPTERWISE-TOPICWISE SOLVED PAPERS (1995-2023) About the Exam, Plan of the Exam, and detailed syllabus are given at the end Subjectwise Strategy and Trend Analysis of Paper I & II are also given.bTable of Contents : UPSC (IAS) Solved Papers (General Studies and CSAT) 2023, Paper-1: History of India and Indian National Movement, India and World Geography, Indian Polity and Indian Economy, General Science and Technology, General Knowledge and Current Affairs, Paper-2: Comprehension, Decision Making and Problem Solving, General Mental Ability, Logical Reasoning, and Analytical Ability, Basic Numeracy, Data Interpretation, English Language Comprehension, Mains Exam PYQs (Essay, General Studies I, II, III, IV) a Paper1 General Studies aPaper 2 CSAT a Competitive Exam a Indian and World Geography aIndian Polity and Governance a ARIHANT